| 000 | 00719nam a2200229 4500 | ||
|---|---|---|---|
| 003 | OSt | ||
| 005 | 20260530113847.0 | ||
| 008 | 260422b19521956enka|||| |||| 00| 0 eng d | ||
| 040 |
_aICI _bspa _cICI |
||
| 050 | 4 |
_aNK1105 _bR4 |
|
| 100 | 1 |
_aRead, Herbert, _d1893-1968, _930855 |
|
| 245 | 1 | 0 |
_aArt and industry : _bthe principles of industrial design / _cby Herbert Read |
| 250 | _aFourth edition revised | ||
| 264 | 1 |
_b Faber and Faber Ltd, _c 1956 _aLondon : |
|
| 300 |
_a212 páginas _bilustraciones _c22cm. |
||
| 336 |
_atexto _2rdacontent |
||
| 337 |
_asin medio _2rdamedia |
||
| 338 |
_avolumen _2rdacarrier |
||
| 650 | 4 |
_aArtes y movimiento artesanal _92314 |
|
| 650 | 4 |
_aDiseño industrial _915218 |
|
| 942 |
_2lcc _cBK |
||
| 999 |
_c11335 _d11335 |
||